[Event "S.W.I.F.T. world cup tournament"]
[Site "Brussels"]
[Date "1988.04.01"]
[Round "1"]
[White "Timman, Jan Hendrik"]
[Black "Nikolić, Predrag"]
[Result "1/2-1/2"]
[WhiteElo "2675"]
[BlackElo "2630"]
[EventDate "1988.04.01"]
[WhiteTitle "GM"]
[BlackTitle "GM"]
[Source "S.W.I.F.T. world cup chess tournament, Interchess BV 1988"]

1.e4 e5 2.Nf3 Nc6 3.Bb5 a6 4.Bxc6 dxc6 5.O-O Ne7 6.Nxe5 Qd4 7.Qh5 g6 8.Nf3
Qxe4 9.Qa5 Qf4 10.d3 Qd6 11.Nbd2 Nd5 12.Ne4 Qb4 13.Qxb4 Nxb4 14.Bd2 Be7 
15.a3 Nd5 16.c4 Nb6 17.Bf4 Bf5 18.Rfe1 O-O-O 19.Neg5 Bxg5 20.Bxg5 Rde8 21.
Ne5 Be6 22.Bf6 Rhg8 23.Re3 Nd7 24.Nxd7 Bxd7 25.Rae1 Re6 26.Rxe6 Bxe6 27.h4
Re8 28.f3 Bd7 29.Re4 c5 30.Kf2 Rxe4 31.dxe4 Be6 32.b3 b5 33.cxb5 axb5 34.
b4 cxb4 35.axb4 Kd7 36.Ke3 Bc4 37.Bd4 Ke6 38.g4 h5 39.Ba7 Bb3 40.f4 Bd1 
41.Bc5 1/2-1/2

[Event "S.W.I.F.T. world cup tournament"]
[Site "Brussels"]
[Date "1988.04.03"]
[Round "3"]
[White "Beliavsky, Alexander Genrikhovich"]
[Black "Vaganian, Rafael Artemovich"]
[Result "1/2-1/2"]
[WhiteElo "2645"]
[BlackElo "2625"]
[EventDate "1988.04.01"]
[WhiteTitle "GM"]
[BlackTitle "GM"]
[Source "S.W.I.F.T. world cup chess tournament, Interchess BV 1988"]

1.d4 e6 2.c4 Nf6 3.Nf3 d5 4.g3 Be7 5.Bg2 O-O 6.O-O dxc4 7.Qc2 a6 8.Qxc4 b5
9.Qc2 Bb7 10.Bd2 Be4 11.Qc1 Nbd7 12.Ba5 Rc8 13.Nc3 Ba8 14.a4 Rb8 15.axb5 
axb5 16.b4 Bd6 17.Qc2 Qe7 18.Rab1 e5 19.e4 g6 20.Rfe1 c6 21.Rbd1 Rfe8 22.
dxe5 Nxe5 23.Nxe5 Bxe5 24.h3 Qa7 25.Kh2 c5 26.Nd5 Bxd5 27.exd5 Bd6 28.bxc5
Qxa5 29.cxd6 Rxe1 30.Qc7 1/2-1/2

[Event "S.W.I.F.T. world cup tournament"]
[Site "Brussels"]
[Date "1988.04.12"]
[Round "10"]
[White "Tāls, Mihails"]
[Black "Timman, Jan Hendrik"]
[Result "0-1"]
[WhiteElo "2630"]
[BlackElo "2675"]
[EventDate "1988.04.01"]
[WhiteTitle "GM"]
[BlackTitle "GM"]
[Source "S.W.I.F.T. world cup chess tournament, Interchess BV 1988"]

1.e4 c5 2.Nf3 d6 3.d4 cxd4 4.Nxd4 Nf6 5.Nc3 Nc6 6.Bg5 e6 7.Qd2 Be7 8.O-O-O
Nxd4 9.Qxd4 O-O 10.e5 dxe5 11.Qxe5 Bd7 12.h4 Qe8 13.Rh3 Bc6 14.Rg3 Qb8 15.
Qe3 Rd8 16.Bf4 Rxd1+ 17.Nxd1 Qf8 18.Be5 Nh5 19.Rg4 f5 20.Rc4 Nf6 21.Bd4 
Bd5 22.Ra4 Ng4 23.Qe2 Bxh4 24.Nc3 Bc6 25.Rxa7 Rd8 26.Bb6 Re8 27.a3 Qd6 28.
g3 Bd8 29.Nb5 Qd7 30.Bc5 Qd5 31.Qc4 Qh1 32.Nd6 Bd5 33.Qe2 Be7 34.Nxe8 Bxc5
35.Ra8 Kf7 36.Nc7 Bxf2 37.Nxd5 Qxd5 38.Kb1 Qh1 39.Ka2 Qd5+ 40.c4 Qc6 41.
Bh3 Bd4 42.Bg2 Qc7 43.Qd3 Bb6 44.Bf1 Ne3 45.Be2 e5 46.Qb3 Bc5 47.Qb5 Kf6 
48.Qe8 Be7 49.Qg8 e4 50.Qxh7 Qxg3 51.Ra5 Qe1 52.Rb5 Qxe2 53.Rb6+ Kf7 54.
Qg6+ Kf8 55.Rxb7 Qxc4+ 56.Ka1 Qf1+ 57.Ka2 Qc4+ 58.Ka1 Qc1+ 59.Ka2 Qc8 60.
Qb6 Qc4+ 61.Kb1 Qc2+ 0-1